01341cam a22003497a 4500003000500000005001700005008004100022010001000063011001000073035001000083040000900093090001000102100004300112245011300155260004000268300001900308502006600327590003700393590004100430590004100471590004100512590004100553590004200594650002400636650003100660790009700691901000700788942001000795949004200805999001700847952012700864CHAP20220329141524.0971013s1986 r 00010 d a69502 a70474 a79955 cCHAP aTesis00aRíos Celis, Eduardo Martín.99918710aInfluencia de la poda de formación en el crecimiento del Nogal (Carya illinoensis Koch) en Delicias, Chih. aChihuahua, Chih. :bEl autor,c1986 a49 h.b: ilus. aTesis (Ing. Agrónomo) -- UACH. Departamento de Zonas Aridas aALEPHb10c20130110lUCH01h1408 aBATCH-UPDb10c20130110lUCH01h0403 aBATCH-UPDb10c20130110lUCH01h2041 aBATCH-UPDb10c20130410lUCH01h0036 aBATCH-UPDb10c20130914lUCH01h1840 aCONVERSIONb10c20130109lUCH01h133814aNogalxPoda.98156614aPecánxChihuahua.986486 aProblemática de la producción agrícola y su desarrollo rural en el estado de Chihuahua aBK cTESIS bBCcTESd-32846eTS1h22278i79955si c69502d69502 00102local4051708TESISaBCbBCcPA_TESISd2019-12-31fTESISl0oTesisp-32846r2019-12-31 00:00:00w2019-12-31yTESIS